Variables comunes al análisis experimental de la conducta y la motivación (Record no. 170685)
[ view plain ]
| 000 -CABECERA | |
|---|---|
| campo de control de longitud fija | 02165nab a2200313 a 4500 |
| 005 - FECHA Y HORA DE LA ÚLTIMA TRANSACCIÓN | |
| campo de control | 20210219162142.0 |
| 008 - ELEMENTOS DE LONGITUD FIJA--INFORMACIÓN GENERAL | |
| campo de control de longitud fija | 991125s1985 mx 000 0 spa u |
| 035 ## - NÚMERO DE CONTROL DEL SISTEMA | |
| Número de control de sistema | UPN01000198584 |
| 049 ## - COLECCIÓN | |
| Colección | ART-E |
| 100 1# - ASIENTO PRINCIPAL--NOMBRE PERSONAL | |
| Nombre de persona | Díaz, Felipe |
| 100 1# - ASIENTO PRINCIPAL--NOMBRE PERSONAL | |
| Filiación | felipe.resendiz@cusur.udg.mx |
| Nombre de persona | Bruner, Carlos A. |
| 222 ## - TÍTULO CLAVE | |
| Título clave | ACTA COMPORTAMENTALIA : REVISTA LATINA DE ANALISIS DEL COMPORTAMIENTO |
| 245 ## - MENCIÓN DE TÍTULO | |
| Título | Variables comunes al análisis experimental de la conducta y la motivación |
| 260 ## - PUBLICACIÓN, DISTRIBUCIÓN, ETC. | |
| Lugar de publicación, distribución, etc. | México |
| 300 ## - DESCRIPCIÓN FÍSICA | |
| Extensión | 121-133 |
| 362 0# - FECHAS DE PUBLICACIÓN Y/O DESIGNACIÓN SECUENCIAL | |
| Fecha de publicación y/o designación secuencial | 2014 Vol. 22, no. 2 |
| 336 ## - TIPO DE CONTENIDO | |
| Término de tipo de contenido | texto$2rdacontent |
| 337 ## - TIPO DE MEDIO | |
| Nombre/término del tipo de medio | computadora$2rdamedia |
| 338 ## - TIPO DE SOPORTE | |
| Nombre/término del tipo de soporte | recurso en linea$2rdacarrier |
| 520 3# - NOTA DE RESUMEN, ETC. | |
| Sumario, etc. | La integración del conocimiento establecido es una tarea que demanda unir hallazgos de área consideradas diferentes entre sí. El propósito de esta investigación fue obtener evidencia comparable con hallazgos de la motivación y del análisis experimental de la conducta. Se utilizó la estrategia de conceptualizar un programa múltiple de reforzamiento de dos componentes en el que se varió la duración de ambos componentes, extin- ción y reforzamiento. El programa estuvo vigente las 24 horas del día y conforme a una diseño factorial cada tres ratas fueron expuestas a tres duraciones del componente de extinción, 45, 180 y 720 minutos en combi- nación con tres duraciones del componente de reforzamiento, 2.5, 10 y 40 minutos. Se encontró que la tasa de respuesta, la latencia durante el componente de reforzamiento y la distribución temporal de la respuesta en reforzamiento variaron conforme a las predicciones de los estudios con programas múltiples y son com- parables con evidencia generada en teoría de la motivación. Esto hallazgos contribuyen con generalidad de las variables manipuladas y sugieren que la estrategia utilizada para vincular ambos enfoques es apropiada. |
| 653 0# - TERMINO DE INDIZACION - NO CONTROLADO | |
| Término no controlado | ANALISIS DE LA CONDUCTA |
| 653 0# - TERMINO DE INDIZACION - NO CONTROLADO | |
| Término no controlado | MOTIVACION |
| 653 0# - TERMINO DE INDIZACION - NO CONTROLADO | |
| Término no controlado | INTEGRACION EDUCATIVA |
| 653 0# - TERMINO DE INDIZACION - NO CONTROLADO | |
| Término no controlado | PROGRAMA MULTIPLE |
| 653 0# - TERMINO DE INDIZACION - NO CONTROLADO | |
| Término no controlado | RATAS |
| 856 4# - LOCALIZACIÓN Y ACCESO ELECTRÓNICOS | |
| Identificador Uniforme del Recurso | <a href="http://www.redalyc.org/articulo.oa?id=274530755001">http://www.redalyc.org/articulo.oa?id=274530755001</a> |
| 905 ## - TIPO DE MATERIAL | |
| Tipo de material | Articulo |
No items available.
